[Event "Pere Noel"]
[Site "Montreal CAN"]
[Date "2004.12.26"]
[Round "1"]
[White "Boulay, David"]
[Black "Larochelle, Martial"]
[Result "1-0"]
[WhiteElo "2066"]
[BlackElo "2289"]
[PlyCount "137"]
[GameId "2160767911031800"]
[EventDate "2004.12.26"]
[EventType "swiss"]
[EventRounds "5"]
[EventCountry "CAN"]
[SourceTitle "EXT 2006"]
[Source "ChessBase"]
[SourceDate "2005.11.24"]
[SourceVersion "1"]
[SourceVersionDate "2005.11.24"]
[SourceQuality "1"]

1. e4 c5 2. Nc3 Nc6 3. Nf3 g6 4. d4 cxd4 5. Nxd4 Bg7 6. Be3 Nf6 7. Bc4 O-O 8. Bb3 Qa5 9. O-O d6 10. h3 Bd7 11. Nde2 b5 12. a3 a6 13. Qc1 Rfe8 14. Rd1 Rab8 15. f3 Ne5 16. Nd5 Nxd5 17. Bxd5 Qc7 18. Bd4 e6 19. Bb3 Bc6 20. Qe3 d5 21. f4 Nc4 22. Bxc4 bxc4 23. e5 Bf8 24. Rd2 Rb7 25. Rf1 Reb8 26. Kh2 Bd7 27. Rf3 Rxb2 28. Bxb2 Rxb2 29. Qd4 Rb1 30. Rd1 Bc5 31. Qd2 Qb6 32. Rxb1 Qxb1 33. Qa5 Qb6 34. Qxb6 Bxb6 35. Rf1 Bc5 36. Ra1 Ba4 37. c3 a5 38. Kg3 Bb3 39. a4 Be3 40. Nd4 Bxd4 41. cxd4 Kf8 42. Kf3 Ke7 43. Ke3 Kd7 44. Kd2 Kc6 45. Kc3 Kc7 46. g4 Kd7 47. h4 Ke7 48. Rh1 Bxa4 49. Ra1 Bb3 50. Rxa5 Bd1 51. Ra7+ Kf8 52. g5 Bg4 53. Kb4 Bf5 54. Rc7 Kg7 55. Kb5 h6 56. Kb6 hxg5 57. hxg5 Kf8 58. Kb7 Ke8 59. Kc6 Kf8 60. Kd7 Be4 61. Rc8+ Kg7 62. Ke7 Bf5 63. Rf8 c3 64. Rxf7+ Kg8 65. Kf6 c2 66. Rc7 Kh8 67. Kf7 Kh7 68. Rc3 Bg4 69. Rxc2 1-0

[Event "Pere Noel"]
[Site "Montreal CAN"]
[Date "2004.12.26"]
[Round "1"]
[White "Bouvier, Jesse"]
[Black "Ramaswamy, Kishor"]
[Result "1/2-1/2"]
[WhiteElo "2046"]
[BlackElo "2227"]
[PlyCount "42"]
[GameId "2160767911031801"]
[EventDate "2004.12.26"]
[EventType "swiss"]
[EventRounds "5"]
[EventCountry "CAN"]
[SourceTitle "EXT 2006"]
[Source "ChessBase"]
[SourceDate "2005.11.24"]
[SourceVersion "1"]
[SourceVersionDate "2005.11.24"]
[SourceQuality "1"]

1. d4 d5 2. Nf3 Nc6 3. Bf4 Bg4 4. Nbd2 e6 5. e3 Bd6 6. c3 Nge7 7. Bd3 Ng6 8. Bxd6 cxd6 9. h3 Bxf3 10. Nxf3 O-O 11. O-O Rb8 12. c4 dxc4 13. Bxc4 d5 14. Bd3 Qd6 15. Qd2 Rfc8 16. Rfc1 Nge7 17. a3 Rc7 18. Rc3 g6 19. Rac1 Rbc8 20. b4 Qd8 21. Bb5 Kg7 1/2-1/2

[Event "Pere Noel"]
[Site "Montreal CAN"]
[Date "2004.12.26"]
[Round "1"]
[White "Charbonneau, Anne-Marie"]
[Black "Khassanov, Marat"]
[Result "0-1"]
[WhiteElo "2072"]
[BlackElo "2327"]
[PlyCount "82"]
[GameId "2160767911031802"]
[EventDate "2004.12.26"]
[EventType "swiss"]
[EventRounds "5"]
[EventCountry "CAN"]
[SourceTitle "EXT 2006"]
[Source "ChessBase"]
[SourceDate "2005.11.24"]
[SourceVersion "1"]
[SourceVersionDate "2005.11.24"]
[SourceQuality "1"]

1. d4 d5 2. c4 e6 3. Nc3 Nf6 4. cxd5 exd5 5. Bg5 c6 6. e3 Be7 7. Qc2 Nh5 8. Bxe7 Kxe7 9. Bd3 g6 10. Nge2 Re8 11. Ng3 Ng7 12. h4 Nd7 13. h5 Nf6 14. hxg6 hxg6 15. O-O-O Be6 16. Kb1 Qa5 17. e4 dxe4 18. Ngxe4 Nd5 19. Nxd5+ Bxd5 20. Nc3 Ne6 21. Be4 Rad8 22. Nxd5+ cxd5 23. Bxg6 fxg6 24. Qxg6 Rd6 25. Rh7+ Kd8 26. Rxb7 Rb6 27. Qf6+ Kc8 28. Qf7 Rxb7 29. Qxe8+ Nd8 30. Rc1+ Rc7 31. Rxc7+ Qxc7 32. Qb5 Qh7+ 33. Kc1 Qh6+ 34. Kd1 Qe6 35. Qc5+ Nc6 36. Qf8+ Kb7 37. Qg7+ Kb6 38. g4 Qe4 39. g5 Nb4 40. Qf6+ Kb5 41. f3 Qc2+ 0-1

[Event "Pere Noel"]
[Site "Montreal CAN"]
[Date "2004.12.26"]
[Round "1"]
[White "Gravel, Simon M"]
[Black "Poirier, Erik"]
[Result "1/2-1/2"]
[WhiteElo "2200"]
[BlackElo "2063"]
[PlyCount "63"]
[GameId "2160767911031803"]
[EventDate "2004.12.26"]
[EventType "swiss"]
[EventRounds "5"]
[EventCountry "CAN"]
[SourceTitle "EXT 2006"]
[Source "ChessBase"]
[SourceDate "2005.11.24"]
[SourceVersion "1"]
[SourceVersionDate "2005.11.24"]
[SourceQuality "1"]

1. c4 e5 2. Nc3 Nc6 3. Nf3 g6 4. d4 exd4 5. Nxd4 Bg7 6. Nxc6 bxc6 7. g3 Ne7 8. Bg2 O-O 9. O-O d6 10. Qc2 Be6 11. b3 Qd7 12. Rd1 Rad8 13. Bb2 f5 14. e4 f4 15. c5 Bh3 16. f3 g5 17. cxd6 cxd6 18. Ne2 Bxg2 19. Kxg2 Bxb2 20. Qxb2 Qe6 21. Nd4 Qe5 22. Qc2 g4 23. fxg4 fxg3 24. hxg3 d5 25. Nf5 dxe4 26. Nxe7+ Qxe7 27. Qc4+ Kh8 28. Qc3+ Kg8 29. Qxc6 e3 30. Qc4+ Kh8 31. Qc3+ Kg8 32. Qc4+ 1/2-1/2

[Event "Pere Noel"]
[Site "Montreal CAN"]
[Date "2004.12.26"]
[Round "1"]
[White "Ibrahim, Anthony"]
[Black "Cloutier, Mario"]
[Result "1-0"]
[WhiteElo "2256"]
[BlackElo "1981"]
[PlyCount "47"]
[GameId "2160767911031805"]
[EventDate "2004.12.26"]
[EventType "swiss"]
[EventRounds "5"]
[EventCountry "CAN"]
[SourceTitle "EXT 2006"]
[Source "ChessBase"]
[SourceDate "2005.11.24"]
[SourceVersion "1"]
[SourceVersionDate "2005.11.24"]
[SourceQuality "1"]

1. e4 c5 2. Nf3 e6 3. d4 cxd4 4. Nxd4 a6 5. Nc3 b5 6. a3 Qc7 7. Bd3 Nf6 8. O-O d6 9. Kh1 Nbd7 10. f4 Be7 11. Qe2 Bb7 12. Nf3 O-O 13. Bd2 Rfe8 14. Rae1 Nb6 15. e5 Nfd7 16. f5 Bxf3 17. Qxf3 Nxe5 18. Rxe5 dxe5 19. fxe6 Bf6 20. Qf5 Kf8 21. Nxb5 axb5 22. Bb4+ Re7 23. Qxh7 fxe6 24. Bg6 1-0

[Event "Pere Noel"]
[Site "Montreal CAN"]
[Date "2004.12.26"]
[Round "1"]
[White "Malette, Martin"]
[Black "Lawson, Eric"]
[Result "1-0"]
[WhiteElo "2081"]
[BlackElo "2409"]
[PlyCount "59"]
[GameId "2160767911031807"]
[EventDate "2004.12.26"]
[EventType "swiss"]
[EventRounds "5"]
[EventCountry "CAN"]
[SourceTitle "EXT 2006"]
[Source "ChessBase"]
[SourceDate "2005.11.24"]
[SourceVersion "1"]
[SourceVersionDate "2005.11.24"]
[SourceQuality "1"]

1. e4 c5 2. Nf3 Nc6 3. Nc3 d6 4. d4 cxd4 5. Nxd4 Nf6 6. f3 e5 7. Nb3 Be6 8. Be3 Be7 9. Qd2 O-O 10. O-O-O a6 11. g4 b5 12. h4 Rc8 13. h5 Na5 14. Kb1 Nc4 15. Bxc4 Rxc4 16. g5 Nd7 17. g6 Nb6 18. h6 fxg6 19. hxg7 Rxf3 20. Bxb6 Qxb6 21. Qh6 Rh3 22. Rxh3 Bxh3 23. Qxh3 Kxg7 24. Rf1 Rxc3 25. Qxc3 Bf6 26. Qc8 Qa7 27. Na5 Qf7 28. Nb7 Qe7 29. Qc6 h5 30. Nxd6 1-0

[Event "Pere Noel"]
[Site "Montreal CAN"]
[Date "2004.12.26"]
[Round "1"]
[White "Mikanovic, Goran"]
[Black "Singher, Jean-Pierre"]
[Result "1-0"]
[WhiteElo "2342"]
[BlackElo "2073"]
[PlyCount "85"]
[GameId "2160767911031808"]
[EventDate "2004.12.26"]
[EventType "swiss"]
[EventRounds "5"]
[EventCountry "CAN"]
[SourceTitle "EXT 2006"]
[Source "ChessBase"]
[SourceDate "2005.11.24"]
[SourceVersion "1"]
[SourceVersionDate "2005.11.24"]
[SourceQuality "1"]

1. d4 Nf6 2. c4 e6 3. Nc3 d5 4. Bg5 Be7 5. e3 O-O 6. Nf3 Nbd7 7. Rc1 c6 8. Bd3 dxc4 9. Bxc4 Nd5 10. Bxe7 Qxe7 11. Ne4 N5f6 12. Ng3 b6 13. O-O Bb7 14. e4 c5 15. d5 exd5 16. exd5 Ne5 17. Re1 Nxf3+ 18. Qxf3 Qd7 19. Re5 Rfe8 20. Rg5 Kh8 21. Qc3 Rg8 22. Rd1 Rae8 23. d6 Ne4 24. Nxe4 Rxe4 25. f3 Ree8 26. Qb3 Bc6 27. Bxf7 Ba4 28. Bxe8 Rxe8 29. Qd5 Bxd1 30. Qxd1 Re6 31. Rd5 Kg8 32. h3 Rg6 33. Kh2 Kf8 34. Qd3 Kf7 35. f4 Rf6 36. f5 g6 37. fxg6+ hxg6 38. b3 Rf5 39. Rxf5+ Qxf5 40. Qxf5+ gxf5 41. h4 f4 42. h5 b5 43. h6 1-0

[Event "Pere Noel"]
[Site "Montreal CAN"]
[Date "2004.12.26"]
[Round "1"]
[White "Rivest, Jean-Michel"]
[Black "Prahov, Valentin"]
[Result "0-1"]
[WhiteElo "1925"]
[BlackElo "2229"]
[PlyCount "62"]
[GameId "2160767911031809"]
[EventDate "2004.12.26"]
[EventType "swiss"]
[EventRounds "5"]
[EventCountry "CAN"]
[SourceTitle "EXT 2006"]
[Source "ChessBase"]
[SourceDate "2005.11.24"]
[SourceVersion "1"]
[SourceVersionDate "2005.11.24"]
[SourceQuality "1"]

1. e4 c5 2. Nf3 e6 3. d4 cxd4 4. Nxd4 Nf6 5. Nc3 Nc6 6. Ndb5 Bb4 7. a3 Bxc3+ 8. Nxc3 d5 9. exd5 exd5 10. Bd3 O-O 11. O-O d4 12. Ne2 Qd5 13. Nf4 Qd6 14. Nh5 Nxh5 15. Qxh5 h6 16. Re1 Bd7 17. Bd2 Rfe8 18. Rxe8+ Rxe8 19. Re1 Ne5 20. Qe2 Qf6 21. Qe4 Nxd3 22. Qxd3 Rxe1+ 23. Bxe1 Qe5 24. Bd2 Bf5 25. Qf3 Qb5 26. Qb3 Qe2 27. Qb4 Bxc2 28. h3 Bd3 29. Bf4 Qf1+ 30. Kh2 Be4 31. f3 Bxf3 0-1

[Event "Pere Noel"]
[Site "Montreal CAN"]
[Date "2004.12.26"]
[Round "1"]
[White "Rodriguez, Herver"]
[Black "Gilman, Arkadiy"]
[Result "0-1"]
[WhiteElo "1719"]
[BlackElo "2154"]
[PlyCount "42"]
[GameId "2160767911031810"]
[EventDate "2004.12.26"]
[EventType "swiss"]
[EventRounds "5"]
[EventCountry "CAN"]
[SourceTitle "EXT 2006"]
[Source "ChessBase"]
[SourceDate "2005.11.24"]
[SourceVersion "1"]
[SourceVersionDate "2005.11.24"]
[SourceQuality "1"]

1. e4 e6 2. d4 d5 3. Nd2 Nf6 4. e5 Nfd7 5. f4 c5 6. c3 Nc6 7. Ndf3 Qb6 8. a3 a5 9. Ne2 Be7 10. f5 Nf8 11. Nf4 cxd4 12. cxd4 g5 13. f6 gxf4 14. fxe7 Ng6 15. h4 Bd7 16. Rb1 Ngxe7 17. Bxf4 Nf5 18. b4 axb4 19. g4 Nfxd4 20. Be3 Nc2+ 21. Kf2 Qxe3+ 0-1

[Event "Pere Noel"]
[Site "Montreal CAN"]
[Date "2004.12.26"]
[Round "1"]
[White "Voskanyan, Vahagn"]
[Black "Papineau (Granby), Daniel"]
[Result "1-0"]
[WhiteElo "2295"]
[BlackElo "2071"]
[PlyCount "70"]
[GameId "2160767911031811"]
[EventDate "2004.12.26"]
[EventType "swiss"]
[EventRounds "5"]
[EventCountry "CAN"]

1. Nf3 e6 2. c4 Nf6 3. g3 d5 4. b3 b6 5. Bg2 Bb7 6. Ne5 Qc8 7. O-O Be7 8. Bb2 O-O 9. d3 c5 10. cxd5 Bxd5 11. Nd2 Nbd7 12. Ndc4 b5 13. Ne3 Bxg2 14. Nxg2 Nxe5 15. Bxe5 Qc6 16. Rc1 Rac8 17. Qd2 Nd7 18. Bc3 Qb7 19. Rc2 Rc6 20. Qf4 Bf6 21. Rfc1 Rfc8 22. Ne3 Bxc3 23. Rxc3 Nb6 24. Qf3 Qd7 25. b4 Na4 26. R3c2 h6 27. Qe4 R6c7 28. Qf4 Rc6 29. Ng4 cxb4 30. Ne5 Rxc2 31. Rxc2 Qe8 32. Rxc8 Qxc8 33. Qxf7+ Kh7 34. Nd7 Nc3 35. Qxe6 Nxa2 1-0

[Event "Pere Noel"]
[Site "Montreal CAN"]
[Date "2004.12.27"]
[Round "2"]
[White "Arsenault, Nicolas"]
[Black "Rodriguez, Herver"]
[Result "1-0"]
[WhiteElo "2112"]
[BlackElo "1719"]
[PlyCount "57"]
[GameId "2160767911031812"]
[EventDate "2004.12.26"]
[EventType "swiss"]
[EventRounds "5"]
[EventCountry "CAN"]
[SourceTitle "EXT 2006"]
[Source "ChessBase"]
[SourceDate "2005.11.24"]
[SourceVersion "1"]
[SourceVersionDate "2005.11.24"]
[SourceQuality "1"]

1. e4 g6 2. d4 Bg7 3. Nc3 d6 4. f4 Nc6 5. Nf3 Bg4 6. Be3 a6 7. Be2 Nh6 8. O-O O-O 9. Qd2 Bxf3 10. Bxf3 f5 11. e5 e6 12. Rad1 d5 13. Na4 b6 14. c4 Ne7 15. b3 Rb8 16. Nc3 c6 17. cxd5 cxd5 18. Na4 Rf7 19. Rc1 Bf8 20. h3 Rc8 21. Qd3 Ra8 22. Bf2 Nc8 23. Rc6 b5 24. Nc5 Bxc5 25. Rxc5 Rc7 26. Rfc1 Raa7 27. Be1 Rxc5 28. Rxc5 Rc7 29. Ba5 1-0

[Event "Pere Noel"]
[Site "Montreal CAN"]
[Date "2004.12.27"]
[Round "2"]
[White "Boulay, David"]
[Black "Ibrahim, Anthony"]
[Result "1-0"]
[WhiteElo "2066"]
[BlackElo "2256"]
[PlyCount "106"]
[GameId "2160767911031813"]
[EventDate "2004.12.26"]
[EventType "swiss"]
[EventRounds "5"]
[EventCountry "CAN"]
[SourceTitle "EXT 2006"]
[Source "ChessBase"]
[SourceDate "2005.11.24"]
[SourceVersion "1"]
[SourceVersionDate "2005.11.24"]
[SourceQuality "1"]

1. e4 c5 2. Nf3 Nc6 3. Nc3 e5 4. Bc4 d6 5. d3 Bg4 6. h3 Bxf3 7. Qxf3 Nf6 8. Bg5 Be7 9. Bxf6 Bxf6 10. Nd5 Nd4 11. Nxf6+ Qxf6 12. Qxf6 gxf6 13. Kd2 h5 14. c3 Ne6 15. h4 Ke7 16. g3 b5 17. Bb3 a5 18. a4 c4 19. Bc2 cxd3 20. Bxd3 bxa4 21. Rxa4 Nc5 22. Ra2 a4 23. Ke3 Rab8 24. Be2 Rb6 25. Rd1 Rhb8 26. Rd2 Rb3 27. Bd1 R3b6 28. Bxh5 Nb3 29. Rc2 Nc5 30. Bd1 f5 31. exf5 Kf6 32. Rd2 Kxf5 33. Bxa4 Ke6 34. b4 Nxa4 35. Rxa4 Rc8 36. Ra3 f5 37. f3 Rbc6 38. b5 Rxc3+ 39. Rxc3 Rxc3+ 40. Rd3 Rc8 41. b6 d5 42. b7 d4+ 43. Kd2 Rb8 44. Rb3 Kd5 45. h5 Kc4 46. Rb1 e4 47. h6 exf3 48. h7 f2 49. Ke2 d3+ 50. Kxf2 d2 51. Ke2 Kc3 52. Kd1 Re8 53. h8=Q+ Rxh8 1-0

[Event "Pere Noel"]
[Site "Montreal CAN"]
[Date "2004.12.27"]
[Round "2"]
[White "Bouvier, Jesse"]
[Black "Moskvitch, Andrei"]
[Result "0-1"]
[WhiteElo "2046"]
[BlackElo "2112"]
[PlyCount "70"]
[GameId "2160767911031814"]
[EventDate "2004.12.26"]
[EventType "swiss"]
[EventRounds "5"]
[EventCountry "CAN"]
[SourceTitle "EXT 2006"]
[Source "ChessBase"]
[SourceDate "2005.11.24"]
[SourceVersion "1"]
[SourceVersionDate "2005.11.24"]
[SourceQuality "1"]

1. e4 c5 2. Nf3 e6 3. d4 cxd4 4. Nxd4 Nf6 5. Nc3 d6 6. g4 Be7 7. g5 Nfd7 8. h4 a6 9. Be3 b5 10. a3 Bb7 11. Qh5 O-O 12. O-O-O Nc6 13. f4 Nxd4 14. Bxd4 e5 15. fxe5 Qc7 16. exd6 Bxd6 17. Bh3 Ne5 18. Rhf1 g6 19. Qe2 b4 20. axb4 Bxb4 21. Qf2 Rad8 22. Bb6 Rxd1+ 23. Rxd1 Qe7 24. Qd4 Nf3 25. Nd5 Bxd5 26. Qxd5 Rb8 27. Bd8 Qa7 28. Qd3 Ne5 29. Qg3 Nc4 30. Bf6 Bf8 31. Qc3 Nxb2 32. Rf1 Nc4 33. Bd4 Qc7 34. e5 Ba3+ 35. Kd1 Bb2 0-1

[Event "Pere Noel"]
[Site "Montreal CAN"]
[Date "2004.12.27"]
[Round "2"]
[White "Cloutier, Mario"]
[Black "Charbonneau, Anne-Marie"]
[Result "1-0"]
[WhiteElo "1981"]
[BlackElo "2072"]
[PlyCount "35"]
[GameId "2160767911031815"]
[EventDate "2004.12.26"]
[EventType "swiss"]
[EventRounds "5"]
[EventCountry "CAN"]
[SourceTitle "EXT 2006"]
[Source "ChessBase"]
[SourceDate "2005.11.24"]
[SourceVersion "1"]
[SourceVersionDate "2005.11.24"]
[SourceQuality "1"]

1. e4 c5 2. Nf3 e6 3. d4 cxd4 4. Nxd4 Nf6 5. Nc3 d6 6. f4 Be7 7. Be3 O-O 8. Qf3 a6 9. O-O-O Qc7 10. Rg1 Nc6 11. g4 Nxd4 12. Rxd4 e5 13. Rc4 Qd8 14. g5 Nd7 15. f5 f6 16. g6 b5 17. Qh5 h6 18. Bxh6 1-0

[Event "Pere Noel"]
[Site "Montreal CAN"]
[Date "2004.12.27"]
[Round "2"]
[White "Gilman, Arkadiy"]
[Black "Mikanovic, Goran"]
[Result "0-1"]
[WhiteElo "2154"]
[BlackElo "2342"]
[PlyCount "128"]
[GameId "2160767911031816"]
[EventDate "2004.12.26"]
[EventType "swiss"]
[EventRounds "5"]
[EventCountry "CAN"]
[SourceTitle "EXT 2006"]
[Source "ChessBase"]
[SourceDate "2005.11.24"]
[SourceVersion "1"]
[SourceVersionDate "2005.11.24"]
[SourceQuality "1"]

1. d4 Nf6 2. c4 e6 3. Nf3 b6 4. g3 Ba6 5. b3 Bb4+ 6. Bd2 Be7 7. Bg2 c6 8. Bc3 d5 9. Nbd2 O-O 10. Ne5 Nbd7 11. Nxd7 Nxd7 12. O-O Rc8 13. e4 dxc4 14. bxc4 b5 15. Qc2 bxc4 16. Rfd1 Qc7 17. Nf1 e5 18. Bh3 exd4 19. Bxd4 Rcd8 20. Bxd7 Rxd7 21. Ne3 Rfd8 22. Qc3 Bf8 23. Be5 Rxd1+ 24. Rxd1 Rxd1+ 25. Nxd1 Qb6 26. Qc2 Qd8 27. Nb2 Qe7 28. Bd4 c5 29. Be3 Qe6 30. Na4 Qc6 31. Nc3 Qg6 32. Qa4 Qe6 33. Qa5 Qb6 34. Qxb6 axb6 35. Na4 b5 36. Nxc5 Bc8 37. Kf1 Bg4 38. Ke1 Bf3 39. e5 b4 40. Kd2 Bd5 41. Kc2 g5 42. Nd7 Be7 43. Nf6+ Bxf6 44. exf6 b3+ 45. axb3 cxb3+ 46. Kc3 g4 47. Bc1 Kf8 48. Kd4 Be6 49. Ke4 Ke8 50. f4 Kd7 51. f5 Bc4 52. Kd4 Be2 53. Ke3 Bd1 54. Kf4 Kd6 55. Kg5 Ke5 56. Bb2+ Ke4 57. Kh6 Kxf5 58. Kxh7 Ke6 59. Kg7 Bc2 60. Kh6 Kd5 61. Kg5 Bd1 62. Kh6 Be2 63. Kg7 Ke6 64. Kh6 Kf5 0-1

[Event "Pere Noel"]
[Site "Montreal CAN"]
[Date "2004.12.27"]
[Round "2"]
[White "Khassanov, Marat"]
[Black "Fillion, Steve"]
[Result "1-0"]
[WhiteElo "2327"]
[BlackElo "2084"]
[PlyCount "49"]
[GameId "2160767911031817"]
[EventDate "2004.12.26"]
[EventType "swiss"]
[EventRounds "5"]
[EventCountry "CAN"]
[SourceTitle "EXT 2006"]
[Source "ChessBase"]
[SourceDate "2005.11.24"]
[SourceVersion "1"]
[SourceVersionDate "2005.11.24"]
[SourceQuality "1"]

1. e4 Nf6 2. e5 Nd5 3. c4 Nb6 4. c5 Nd5 5. Nc3 e6 6. d4 d6 7. cxd6 cxd6 8. Nf3 Nc6 9. Bd3 dxe5 10. dxe5 Nxc3 11. bxc3 Be7 12. O-O O-O 13. Qe2 Qc7 14. Re1 b6 15. Qe4 g6 16. Bg5 Bb7 17. Qh4 Rfd8 18. Be4 Bxg5 19. Nxg5 h5 20. g4 Kg7 21. gxh5 Rh8 22. Bxg6 Nxe5 23. Qd4 Kh6 24. Qxe5 Qxe5 25. Nxf7+ 1-0

[Event "Pere Noel"]
[Site "Montreal CAN"]
[Date "2004.12.27"]
[Round "2"]
[White "Larochelle, Martial"]
[Black "Singher, Jean-Pierre"]
[Result "1/2-1/2"]
[WhiteElo "2289"]
[BlackElo "2073"]
[PlyCount "87"]
[GameId "2160767911031818"]
[EventDate "2004.12.26"]
[EventType "swiss"]
[EventRounds "5"]
[EventCountry "CAN"]
[SourceTitle "EXT 2006"]
[Source "ChessBase"]
[SourceDate "2005.11.24"]
[SourceVersion "1"]
[SourceVersionDate "2005.11.24"]
[SourceQuality "1"]

1. c4 Nf6 2. g3 c6 3. Nf3 d5 4. b3 e6 5. Bg2 Be7 6. O-O O-O 7. Bb2 b6 8. d3 Bb7 9. Nbd2 Nbd7 10. e4 dxe4 11. Nxe4 c5 12. Qe2 Qc7 13. Rad1 e5 14. Nxe5 Nxe5 15. Bxe5 Qxe5 16. Nxf6+ Bxf6 17. Qxe5 Bxe5 18. Bxb7 Rae8 19. Bc6 Re7 20. Rfe1 Rc8 21. Bb5 Rcc7 22. Re4 f5 23. Re3 Kf7 24. Kf1 g5 25. h3 Kf6 26. Kg2 a6 27. Bxa6 Ra7 28. Bb5 Rxa2 29. Rde1 Rb2 30. Ba4 h5 31. R3e2 Rxe2 32. Rxe2 f4 33. gxf4 Bxf4 34. Rxe7 Kxe7 35. Kf3 Bd2 36. Ke4 g4 37. hxg4 hxg4 38. Bc6 Kd6 39. Bd5 Be1 40. Ke3 Ke5 41. Bb7 Bc3 42. Bc8 Bd4+ 43. Ke2 Kf4 44. Bb7 1/2-1/2

[Event "Pere Noel"]
[Site "Montreal CAN"]
[Date "2004.12.27"]
[Round "2"]
[White "Malette, Martin"]
[Black "Voskanyan, Vahagn"]
[Result "0-1"]
[WhiteElo "2081"]
[BlackElo "2295"]
[PlyCount "46"]
[GameId "2160767911031819"]
[EventDate "2004.12.26"]
[EventType "swiss"]
[EventRounds "5"]
[EventCountry "CAN"]
[SourceTitle "EXT 2006"]
[Source "ChessBase"]
[SourceDate "2005.11.24"]
[SourceVersion "1"]
[SourceVersionDate "2005.11.24"]
[SourceQuality "1"]

1. e4 c6 2. d4 d5 3. Nc3 dxe4 4. Nxe4 Nf6 5. Nxf6+ exf6 6. Nf3 Bd6 7. Be2 O-O 8. O-O Bf5 9. b3 Re8 10. Bb2 Nd7 11. Re1 Nf8 12. Qd2 Qc7 13. c4 Rad8 14. Qc3 Be4 15. g3 Ne6 16. Nd2 Nxd4 17. Nxe4 Rxe4 18. Bf1 Rxe1 19. Rxe1 Be5 20. Qe3 Nc2 21. Bxe5 Qd7 22. Qe4 Nxe1 23. Bc3 Nd3 0-1

[Event "Pere Noel"]
[Site "Montreal CAN"]
[Date "2004.12.27"]
[Round "2"]
[White "Papineau (Granby), Daniel"]
[Black "Rivest, Jean-Michel"]
[Result "0-1"]
[WhiteElo "2041"]
[BlackElo "1946"]
[PlyCount "116"]
[GameId "2160767911031820"]
[EventDate "2004.12.26"]
[EventType "swiss"]
[EventRounds "5"]
[EventCountry "CAN"]

1. d4 d5 2. c4 c6 3. Nc3 Nf6 4. Bg5 Nbd7 5. Qc2 g6 6. e3 Bg7 7. Nf3 O-O 8. Bd3 dxc4 9. Bxc4 b5 10. Bd3 Bb7 11. O-O a6 12. Rad1 Qb6 13. Qe2 c5 14. Bb1 cxd4 15. exd4 e6 16. Rfe1 Rfe8 17. a3 Nd5 18. Nxd5 Bxd5 19. Ne5 Qb7 20. Qg4 Rac8 21. h4 h5 22. Qg3 Nf6 23. f3 Rc7 24. Bf4 Rcc8 25. Bg5 Nd7 26. Bf4 Nxe5 27. dxe5 b4 28. Bg5 Rc7 29. Kh1 Rec8 30. Qf4 Rc4 31. Qg3 bxa3 32. bxa3 Rc3 33. Rd4 Rxa3 34. Be4 Bxe4 35. Rdxe4 a5 36. Rd1 Rb3 37. Red4 Rb1 38. Bf6 Rxd1+ 39. Rxd1 a4 40. Qf4 Qb3 41. Rd7 Rc4 42. Rd8+ Kh7 43. Qg5 Qb1+ 44. Kh2 Qc1 45. Rd2 Rxh4+ 46. Qxh4 Qxd2 47. Qxa4 Bxf6 48. exf6 Qd6+ 49. Kg1 Qe5 50. Qh4 Kh6 51. f4 Qf5 52. Kh2 e5 53. fxe5 Qxe5+ 54. Kh1 Qa1+ 55. Kh2 Qe5+ 56. Kh1 g5 57. Qf2 Qf4 58. Qa7 Kg6 0-1

[Event "Pere Noel"]
[Site "Montreal CAN"]
[Date "2004.12.27"]
[Round "2"]
[White "Pepin, Christian"]
[Black "Lawson, Eric"]
[Result "0-1"]
[WhiteElo "2080"]
[BlackElo "2409"]
[PlyCount "58"]
[GameId "2160767911031821"]
[EventDate "2004.12.26"]
[EventType "swiss"]
[EventRounds "5"]
[EventCountry "CAN"]
[SourceTitle "EXT 2006"]
[Source "ChessBase"]
[SourceDate "2005.11.24"]
[SourceVersion "1"]
[SourceVersionDate "2005.11.24"]
[SourceQuality "1"]

1. e4 c5 2. Nf3 Nc6 3. d4 cxd4 4. c3 dxc3 5. Nxc3 e6 6. Bf4 a6 7. Rc1 Nge7 8. Bd3 Ng6 9. Bg3 d6 10. O-O Be7 11. a3 Nce5 12. Bb1 O-O 13. Nd2 b5 14. f4 Nd7 15. Nf3 Bb7 16. b4 Rc8 17. Qe2 Bf6 18. Qd3 Qb6+ 19. Kh1 Rxc3 20. Rxc3 Bxc3 21. Qxc3 Rc8 22. Qb3 Nf6 23. Ng5 d5 24. f5 exf5 25. e5 Ne4 26. Bxe4 fxe4 27. Nxf7 Rf8 28. Bf2 Qc6 29. e6 Qxe6 0-1

[Event "Pere Noel"]
[Site "Montreal CAN"]
[Date "2004.12.27"]
[Round "2"]
[White "Ramaswamy, Kishor"]
[Black "Masse, Hugues"]
[Result "0-1"]
[WhiteElo "2227"]
[BlackElo "2224"]
[PlyCount "88"]
[GameId "2160767911031824"]
[EventDate "2004.12.26"]
[EventType "swiss"]
[EventRounds "5"]
[EventCountry "CAN"]
[SourceTitle "EXT 2006"]
[Source "ChessBase"]
[SourceDate "2005.11.24"]
[SourceVersion "1"]
[SourceVersionDate "2005.11.24"]
[SourceQuality "1"]

1. d4 Nf6 2. Nf3 g6 3. Bg5 Bg7 4. Nbd2 d5 5. e3 O-O 6. Be2 Nbd7 7. O-O c5 8. c3 b6 9. b4 Bb7 10. a4 Ne4 11. Nxe4 dxe4 12. Nd2 cxb4 13. cxb4 h6 14. Bh4 g5 15. Bg3 e5 16. dxe5 Nxe5 17. Rc1 Rc8 18. Rxc8 Qxc8 19. Qb1 f5 20. Rc1 Qd8 21. Nc4 f4 22. Nxe5 Bxe5 23. Qb3+ Bd5 24. Bc4 Bf7 25. Bxf7+ Rxf7 26. Qe6 Qd6 27. Qc8+ Kh7 28. exf4 gxf4 29. Bh4 Rd7 30. Qc2 Qxb4 31. f3 Qd4+ 32. Kf1 Qd3+ 33. Qxd3 exd3 34. Rd1 Kg6 35. Be1 Kf5 36. Bd2 a6 37. Rb1 Bd4 38. g3 fxg3 39. hxg3 h5 40. Bb4 Ke5 41. Ke1 Kd5 42. Kd1 Ke5 43. Be1 d2 44. Bxd2 Bc3 0-1

[Event "Pere Noel"]
[Site "Montreal CAN"]
[Date "2004.12.27"]
[Round "2"]
[White "Rouleau, Paul"]
[Black "Gravel, Simon M"]
[Result "0-1"]
[WhiteElo "1856"]
[BlackElo "2200"]
[PlyCount "58"]
[GameId "2160767911031825"]
[EventDate "2004.12.26"]
[EventType "swiss"]
[EventRounds "5"]
[EventCountry "CAN"]
[SourceTitle "EXT 2006"]
[Source "ChessBase"]
[SourceDate "2005.11.24"]
[SourceVersion "1"]
[SourceVersionDate "2005.11.24"]
[SourceQuality "1"]

1. e4 Nc6 2. d4 e5 3. Nf3 exd4 4. Nxd4 Bc5 5. Nxc6 Qf6 6. Qd2 dxc6 7. Bd3 Be6 8. O-O O-O-O 9. Qg5 Qxg5 10. Bxg5 f6 11. Bf4 Ne7 12. Re1 Bd4 13. Nc3 c5 14. a4 Nc6 15. Rad1 Nb4 16. Nb5 Be5 17. Bxe5 fxe5 18. Na3 Nxd3 19. cxd3 Bb3 20. Rc1 b6 21. Nc4 Rhe8 22. a5 Rxd3 23. axb6 axb6 24. f3 Rd4 25. Ne3 Rd2 26. Nc4 Bxc4 27. Rxc4 Rxb2 28. Ra4 Kb7 29. Rd1 Re6 0-1